Động cơ điện không đồng bộ ba pha và một pha công suất nhỏ Đặc điểm - Tính toán - Ứng dụng

Zapisane w:
Opis bibliograficzny
1. autor: Trần Khánh Hà
Format: Książka
Język:Undetermined
Wydane: H. KHKT 2002
Hasła przedmiotowe:
Etykiety: Dodaj etykietę
Nie ma etykietki, Dołącz pierwszą etykiete!
Thư viện lưu trữ: Trung tâm Học liệu Trường Đại học Cần Thơ
LEADER 00637nam a2200205Ia 4500
001 CTU_53681
008 210402s9999 xx 000 0 und d
020 |b 23000 
082 |a 621.46 
082 |b H100 
100 |a Trần Khánh Hà 
245 0 |a Động cơ điện không đồng bộ ba pha và một pha công suất nhỏ 
245 0 |b Đặc điểm - Tính toán - Ứng dụng 
245 0 |c Trần Khánh Hà 
260 |a H. 
260 |b KHKT 
260 |c 2002 
650 |a electric motors,electric machine 
904 |i Minh 
980 |a Trung tâm Học liệu Trường Đại học Cần Thơ